Adult learning, a design for action : (Record no. 124409)
[ view plain ]
| 000 -LEADER | |
|---|---|
| fixed length control field | 01166cam a2200301 i 4500 |
| 001 - CONTROL NUMBER | |
| control field | 4156507 |
| 003 - CONTROL NUMBER IDENTIFIER | |
| control field | ARRUPE |
| 005 - DATE AND TIME OF LATEST TRANSACTION | |
| control field | 20160322092037.0 |
| 008 - FIXED-LENGTH DATA ELEMENTS--GENERAL INFORMATION | |
| fixed length control field | 780718s1978 enk b 101 0 eng |
| 010 ## - LIBRARY OF CONGRESS CONTROL NUMBER | |
| LC control number | 78040283 |
| 015 ## - NATIONAL BIBLIOGRAPHY NUMBER | |
| National bibliography number | GB78 |
| 020 ## - INTERNATIONAL STANDARD BOOK NUMBER | |
| International Standard Book Number | 0080222455 : |
| Terms of availability | £17.50 ($35.00). |
| International Standard Book Number | 0080230075 |
| Terms of availability | £5.00 ($10.00) |
| 040 ## - CATALOGING SOURCE | |
| Original cataloging agency | DLC |
| Transcribing agency | DLC |
| Modifying agency | DLC |
| 050 00 - LIBRARY OF CONGRESS CALL NUMBER | |
| Classification number | LC5209 |
| Item number | .A244 |
| 082 00 - DEWEY DECIMAL CLASSIFICATION NUMBER | |
| Classification number | 374 |
| 300 ## - PHYSICAL DESCRIPTION | |
| Dimensions | 22 cm. |
| 100 ## - MAIN ENTRY--PERSONAL NAME | |
| Personal name | Hall, Budd L (ed.) |
| 9 (RLIN) | 23070 |
| 245 10 - TITLE STATEMENT | |
| Title | Adult learning, a design for action : |
| Remainder of title | a comprehensive international survey / |
| Statement of responsibility, etc | edited by B. L. Hall and J. R. Kidd. |
| 260 ## - PUBLICATION, DISTRIBUTION, ETC. (IMPRINT) | |
| Place of publication, distribution, etc | Oxford ; |
| -- | New York : |
| Name of publisher, distributor, etc | Pergamon Press, |
| Date of publication, distribution, etc | 1978. |
| 300 ## - PHYSICAL DESCRIPTION | |
| Extent | vii, 337 p. ; |
| 500 ## - GENERAL NOTE | |
| General note | Conference held under the auspices of the International Council for Adult Education. |
| 504 ## - BIBLIOGRAPHY, ETC. NOTE | |
| Bibliography, etc | Includes bibliographical references and index. |
| 650 #0 - SUBJECT ADDED ENTRY--TOPICAL TERM | |
| Topical term or geographic name as entry element | Adult education |
| General subdivision | Congresses. |
| 9 (RLIN) | 23071 |
| 700 1# - ADDED ENTRY--PERSONAL NAME | |
| Personal name | Hall, Budd L. |
| 9 (RLIN) | 23070 |
| 700 1# - ADDED ENTRY--PERSONAL NAME | |
| Personal name | Kidd, J. R. |
| Fuller form of name | (James Robbins), |
| Dates associated with a name | 1915-1982. |
| 9 (RLIN) | 23072 |
| 710 2# - ADDED ENTRY--CORPORATE NAME | |
| Corporate name or jurisdiction name as entry element | International Council for Adult Education and Development, Dar es Salaam, 1976 |
| 9 (RLIN) | 23073 |
| 906 ## - LOCAL DATA ELEMENT F, LDF (RLIN) | |
| a | 7 |
| b | cbc |
| c | orignew |
| d | 1 |
| e | ocip |
| f | 19 |
| g | y-gencatlg |
| 942 ## - ADDED ENTRY ELEMENTS (KOHA) | |
| Source of classification or shelving scheme | Library of Congress Classification |
| Koha item type | Monograph ( Printed materials) |
| Withdrawn status | Lost status | Source of classification or shelving scheme | Damaged status | Not for loan | Collection code | Home library | Current library | Shelving location | Date acquired | Total Checkouts | Full call number | Barcode | Date last seen | Price effective from | Koha item type |
|---|---|---|---|---|---|---|---|---|---|---|---|---|---|---|---|
| Library of Congress Classification | Main Collection | ARRUPE LIBRARY | ARRUPE LIBRARY | Main Collection | 21/03/2016 | LC5209.A244 | 46500007183 | 28/06/2018 | 21/03/2016 | Monograph ( Printed materials) |